[Event "Turniej Niepodleglosci 2023"]
[Site "Warsaw POL"]
[Date "2023.11.11"]
[Round "8.1"]
[White "Baum, Jonasz"]
[Black "Golubka, Petro"]
[Result "0-1"]
[WhiteElo "2323"]
[BlackElo "2390"]
[PlyCount "50"]

1.d4 d5 2.Nf3 Nf6 3.c4 e6 4.g3 Be7 5.Bg2 O-O 6.Nc3 c6 7.O-O b6 8.Ne5 Ba6 9.b3 
Nfd7 10.Nxd7 Nxd7 11.cxd5 cxd5 12.Bb2 f5 13.Re1 Nf6 14.f3 Rc8 15.Rc1 h5 16.e4 
dxe4 17.fxe4 h4 18.e5 Ng4 19.h3 hxg3 20.hxg4 Bb4 21.g5 Qxg5 22.Qf3 Qh4 23.Re2 
Qxd4+ 24.Kf1 Bxc3 25.Bxc3 Rxc3 0-1

[Event "Turniej Niepodleglosci 2023"]
[Site "Warsaw POL"]
[Date "2023.11.11"]
[Round "8.2"]
[White "Heberla, Bartlomiej"]
[Black "Krasenkow, Michal"]
[Result "0-1"]
[WhiteElo "2481"]
[BlackElo "2435"]
[PlyCount "136"]

1.e4 g6 2.d4 Bg7 3.c4 d6 4.Nc3 e5 5.Nge2 exd4 6.Nxd4 Ne7 7.Be2 Nbc6 8.Be3 O-O 
9.Qd2 f5 10.Nxc6 Nxc6 11.exf5 Bxf5 12.O-O Qd7 13.Rad1 Qf7 14.b3 Kh8 15.Bf3 Rad8 
16.Rfe1 Ne5 17.Bd5 Qd7 18.Bh6 Bxh6 19.Qxh6 c6 20.Be4 Ng4 21.Qh4 Nf6 22.Bxf5 
Qxf5 23.Re7 Rd7 24.Rxd7 Qxd7 25.Qd4 Qf5 26.Qxa7 c5 27.Qxb7 Nd5 28.Ne4 Nc3 
29.Rd3 Qxe4 30.Qxe4 Nxe4 31.f3 Ng5 32.Rxd6 Ra8 33.a4 Rb8 34.a5 Rxb3 35.a6 Ra3 
36.h4 Nf7 37.Rd7 Kg7 38.a7 Kf6 39.Rc7 Ke6 40.Kh2 Ne5 41.Rxc5 Rxa7 42.Rc8 Ra4 
43.Rh8 h5 44.Re8+ Kf6 45.Kg3 Rxc4 46.Ra8 Nf7 47.Ra6+ Kg7 48.Ra7 Kf6 49.Ra6+ Kf5 
50.Kh3 Ne5 51.Ra5 Rc1 52.Kg3 Kf6 53.Ra6+ Nc6 54.Kh3 Ke5 55.Kg3 Ne7 56.Ra5+ Kf6 
57.Ra6+ Rc6 58.Ra4 Nf5+ 59.Kh3 Rd6 60.Rb4 Rd4 61.Rb6+ Kg7 62.Rb7+ Kh6 63.g3 Rd3 
64.Kg2 Rd2+ 65.Kh3 Rf2 66.Rb3 Nd4 67.Rb7 Rxf3 68.Kg2 Rc3 0-1

[Event "Turniej Niepodleglosci 2023"]
[Site "Warsaw POL"]
[Date "2023.11.11"]
[Round "8.3"]
[White "Jakubowski, Krzysztof"]
[Black "Cukrowski, Filip"]
[Result "1-0"]
[WhiteElo "2367"]
[BlackElo "2298"]
[PlyCount "118"]

1.c4 Nf6 2.g3 e6 3.Bg2 d5 4.Nf3 c5 5.O-O Be7 6.cxd5 exd5 7.d4 O-O 8.Nc3 Nc6 
9.dxc5 d4 10.Na4 Bf5 11.a3 Be4 12.b4 Qd5 13.Ne1 Rad8 14.Bd2 Bxg2 15.Nxg2 Ne5 
16.Nf4 Qc6 17.Nb2 Ne4 18.f3 Nxd2 19.Qxd2 Bg5 20.Rac1 Qh6 21.h4 Bxf4 22.Qxf4 
Qxf4 23.gxf4 Ng6 24.Nd3 Nxh4 25.Kf2 Nf5 26.c6 bxc6 27.Rxc6 Ne3 28.Rfc1 Nd5 
29.R1c5 f6 30.Ra5 Rf7 31.f5 g6 32.fxg6 hxg6 33.Nc5 Nf4 34.Nd3 Nd5 35.Rca6 Rdd7 
36.Nc5 Rde7 37.Ne4 Nc3 38.Nxc3 dxc3 39.Rc5 Rc7 40.Rac6 Rxc6 41.Rxc6 a5 42.b5 
Rb7 43.a4 Rd7 44.Rxc3 Rd4 45.Rb3 Kf7 46.b6 Rd8 47.Rb5 Rb8 48.b7 Ke6 49.Ke3 Kd6 
50.Kd4 Kc6 51.e4 Rxb7 52.Rxb7 Kxb7 53.Kc5 Kc7 54.Kb5 Kd6 55.Kxa5 Kc5 56.Ka6 Kc6 
57.a5 f5 58.exf5 gxf5 59.f4 Kd5 1-0

[Event "Turniej Niepodleglosci 2023"]
[Site "Warsaw POL"]
[Date "2023.11.11"]
[Round "8.4"]
[White "Kuzmicz, Krystian"]
[Black "Piorun, Kacper"]
[Result "0-1"]
[WhiteElo "2359"]
[BlackElo "2502"]
[PlyCount "48"]

1.e4 e6 2.b3 d5 3.Bb2 Nc6 4.exd5 exd5 5.Nf3 a6 6.Be2 Nf6 7.O-O Bd6 8.d4 O-O 
9.Ne5 Re8 10.Nxc6 bxc6 11.Nd2 Bf5 12.Nf3 Ne4 13.Ne5 f6 14.Nxc6 Qd7 15.Na5 c6 
16.b4 Qc7 17.h3 Bxb4 18.Nb3 Qf4 19.Bc1 Qh4 20.Bg4 Nxf2 21.Rxf2 Bxg4 22.Qxg4 
Re1+ 23.Kh2 Qxf2 24.Bf4 Qg1+ 0-1

[Event "Turniej Niepodleglosci 2023"]
[Site "Warsaw POL"]
[Date "2023.11.11"]
[Round "8.5"]
[White "Kanarek, Marcel"]
[Black "Czernek, Tymon"]
[Result "1-0"]
[WhiteElo "2396"]
[BlackElo "2180"]
[PlyCount "97"]

1.d4 Nf6 2.c4 e6 3.Nc3 Bb4 4.e3 O-O 5.Bd2 d5 6.cxd5 exd5 7.Qc2 c6 8.Nf3 Re8 
9.Bd3 Bd6 10.O-O Bg4 11.Ne5 Bxe5 12.dxe5 Rxe5 13.f4 Re8 14.f5 d4 15.Ne4 Nxe4 
16.Bxe4 dxe3 17.Bxe3 Qe7 18.Rae1 Qxe4 19.Qc3 f6 20.Rf4 Qd5 21.Rxg4 Qxf5 22.Bh6 
Qxg4 23.Rxe8+ Kf7 24.Qe1 Qd7 25.Rh8 Na6 26.Rxa8 gxh6 27.Kh1 Nc5 28.h3 Nd3 
29.Qe3 Ne5 30.Qxh6 Qf5 31.Qf8+ Kg6 32.Qg8+ Kh6 33.Qg3 Ng6 34.Rxa7 Qb1+ 35.Kh2 
Qxb2 36.Ra4 f5 37.Rc4 Qxa2 38.Rc5 Qe6 39.Ra5 b6 40.Ra6 c5 41.Qc7 f4 42.Qxb6 Qe3 
43.Qe6 Qg3+ 44.Kg1 Kh5 45.Qf5+ Kh6 46.Qxc5 Qe3+ 47.Qxe3 fxe3 48.Re6 Kg5 49.Rxe3 1-0

[Event "Turniej Niepodleglosci 2023"]
[Site "Warsaw POL"]
[Date "2023.11.11"]
[Round "8.6"]
[White "Eggink, Ryszard"]
[Black "Krawczyk, Flawian"]
[Result "0-1"]
[WhiteElo "2283"]
[BlackElo "2116"]
[PlyCount "69"]

1.d4 Nf6 2.c4 c5 3.d5 b5 4.cxb5 a6 5.f3 g6 6.e4 d6 7.Nc3 Bg7 8.Be3 O-O 9.Qd2 
axb5 10.Bxb5 Ba6 11.Nge2 Qa5 12.a4 Bxb5 13.Nxb5 Qxd2+ 14.Bxd2 Na6 15.Bc3 Rfb8 
16.Kd2 Bh6+ 17.Kc2 Nd7 18.h4 Nb6 19.h5 Bg7 20.b3 Nb4+ 21.Kd2 Bh6+ 22.f4 g5 
23.Bxb4 cxb4 24.f5 g4+ 25.Kd3 Nd7 26.Ned4 Nc5+ 27.Kc4 Nxe4 28.Nc6 Rb7 29.Rae1 
Ng3 30.Rxe7 Rxe7 31.Nxe7+ Kf8 32.Re1 Ra6 33.f6 Nxh5 34.Nf5 Bf4 35.Nc7 0-1

[Event "Turniej Niepodleglosci 2023"]
[Site "Warsaw POL"]
[Date "2023.11.11"]
[Round "8.7"]
[White "Szustakowski, Antoni"]
[Black "Nguyen, Piotr"]
[Result "1-0"]
[WhiteElo "2256"]
[BlackElo "2275"]
[PlyCount "49"]

1.d4 g6 2.c4 Bg7 3.e4 d6 4.Nc3 c5 5.d5 Bxc3+ 6.bxc3 e5 7.f4 exf4 8.Bxf4 Qh4+ 
9.Bg3 Qxe4+ 10.Qe2 Qxe2+ 11.Kxe2 Kd7 12.Nf3 Nf6 13.Ng5 Re8+ 14.Kd2 Re7 15.Bd3 
h6 16.Rhf1 Nh5 17.Nxf7 Nxg3 18.hxg3 Kc7 19.Rae1 Rxe1 20.Rxe1 Bf5 21.Bxf5 gxf5 
22.Re8 a5 23.Nd8 a4 24.Ne6+ Kb6 25.a3 1-0

[Event "Turniej Niepodleglosci 2023"]
[Site "Warsaw POL"]
[Date "2023.11.11"]
[Round "8.8"]
[White "Gdanski, Jacek"]
[Black "Galuszka, Tomasz"]
[Result "1-0"]
[WhiteElo "2356"]
[BlackElo "2069"]
[PlyCount "53"]

1.e4 c6 2.d4 d5 3.exd5 cxd5 4.c4 e6 5.Nc3 Bb4 6.Nf3 Nc6 7.Bd3 dxc4 8.Bxc4 Nf6 
9.O-O O-O 10.Bg5 Be7 11.Re1 h6 12.Be3 Nb4 13.Ne5 Nbd5 14.Qd2 Nxe3 15.Rxe3 Nd5 
16.Rg3 Bg5 17.Qd3 Nb4 18.Qe4 f5 19.Qe2 Qxd4 20.Rd1 Qc5 21.Nd7 Bxd7 22.Rxd7 Bf6 
23.Rg6 Qe5 24.Qxe5 Bxe5 25.Rxe6 Rac8 26.Bb3 Bxc3 27.Rxh6+ 1-0

[Event "Turniej Niepodleglosci 2023"]
[Site "Warsaw POL"]
[Date "2023.11.11"]
[Round "8.9"]
[White "Kokoszczynski, Jan"]
[Black "Chylewski, Patryk"]
[Result "1-0"]
[WhiteElo "2257"]
[BlackElo "2173"]
[PlyCount "89"]

1.d4 Nf6 2.c4 e6 3.Nc3 d5 4.cxd5 exd5 5.Bg5 c6 6.e3 Be7 7.Bd3 g6 8.h3 Nh5 
9.Bxe7 Qxe7 10.Nge2 Ng7 11.Qc2 Bf5 12.O-O-O Na6 13.a3 Bxd3 14.Qxd3 Nc7 15.Kb1 
b5 16.Rc1 a5 17.Na2 Ra6 18.Rc2 O-O 19.Nec1 Rb8 20.Nb3 Nge6 21.Rhc1 Qd6 22.Qd2 
Rba8 23.f3 h5 24.g4 h4 25.f4 b4 26.a4 Re8 27.Rf1 Raa8 28.Nac1 Nd8 29.Nd3 Nb7 
30.Ne5 Ra6 31.f5 g5 32.f6 c5 33.e4 Rxe5 34.dxe5 Qxe5 35.Rf5 Qe6 36.exd5 Qe4 
37.Qxg5+ Kf8 38.Qg7+ Ke8 39.Qg8+ Kd7 40.Qxf7+ Kc8 41.Qf8+ Kd7 42.Nxc5+ Nxc5 
43.Qxc5 Ne8 44.Qc8+ Kd6 45.Qd8# 1-0

[Event "Turniej Niepodleglosci 2023"]
[Site "Warsaw POL"]
[Date "2023.11.11"]
[Round "8.10"]
[White "Przedmojski, Rafal"]
[Black "Kubicka, Anna"]
[Result "1-0"]
[WhiteElo "2240"]
[BlackElo "2122"]
[PlyCount "95"]

1.d4 Nf6 2.c4 g6 3.Nc3 Bg7 4.e4 d6 5.f3 O-O 6.Be3 e5 7.d5 c6 8.Qd2 cxd5 9.cxd5 
Nbd7 10.Nh3 Nb6 11.Nf2 Bd7 12.Be2 Rc8 13.b3 Nh5 14.O-O f5 15.Nd3 f4 16.Bf2 g5 
17.Rfc1 Nf6 18.a4 g4 19.a5 g3 20.hxg3 fxg3 21.Bxg3 Nh5 22.Bf2 Na8 23.g4 Nf4 
24.Nxf4 Rxf4 25.Nd1 Nc7 26.Ne3 h5 27.Ng2 Rf6 28.gxh5 Rh6 29.f4 exf4 30.Qxf4 Rf6 
31.Qg3 Rxf2 32.Kxf2 Qe7 33.Bf3 Kh8 34.Nf4 Qf7 35.Ng6+ Kh7 36.Ra2 Bd4+ 37.Kg2 
Ne8 38.Rxc8 Bxc8 39.Rc2 Bd7 40.Qf4 Qg7 41.Bg4 Be5 42.Qg5 Nf6 43.Bxd7 Nxd7 
44.Rc7 Kg8 45.Ne7+ Kf8 46.Qxg7+ Bxg7 47.Rxd7 Ke8 48.Rxb7 1-0

[Event "Turniej Niepodleglosci 2023"]
[Site "Warsaw POL"]
[Date "2023.11.11"]
[Round "8.11"]
[White "Smieszek, Wojciech"]
[Black "Pacan-milej, Kosma"]
[Result "0-1"]
[WhiteElo "2089"]
[BlackElo "2232"]
[PlyCount "100"]

1.e4 c6 2.d4 d5 3.f3 e6 4.Nc3 Bb4 5.e5 Ne7 6.Bd2 b6 7.a3 Bxc3 8.Bxc3 O-O 9.f4 
Ba6 10.Bxa6 Nxa6 11.Nf3 c5 12.O-O Rc8 13.Ng5 h6 14.Nf3 Nf5 15.Qd3 cxd4 16.Bxd4 
Nc5 17.Bxc5 bxc5 18.c3 Qb6 19.Qd2 d4 20.cxd4 cxd4 21.Rfc1 d3+ 22.Kh1 Qe3 23.Rc3 
Rxc3 24.bxc3 Rc8 25.Rc1 Rc4 26.Qxe3 Nxe3 27.g3 Nc2 28.Kg1 Rxc3 29.a4 Ra3 30.Rd1 
Ne3 31.Rd2 Nc4 32.Rd1 Nb2 33.Rd2 Nxa4 34.Ne1 Nc5 35.Kg2 Rc3 36.Kf3 Rc1 37.Ng2 
a5 38.Ke3 a4 39.Ra2 Rc3 40.Ne1 Rb3 41.Kd4 Rb5 42.Nxd3 Nxd3 43.Kxd3 Ra5 44.Kc4 
g5 45.Kb4 Ra8 46.Rxa4 Rxa4+ 47.Kxa4 gxf4 48.gxf4 Kg7 49.Kb4 Kg6 50.Kc4 Kf5 0-1

[Event "Turniej Niepodleglosci 2023"]
[Site "Warsaw POL"]
[Date "2023.11.11"]
[Round "8.12"]
[White "Bartel, Michal"]
[Black "Nawalaniec, Adam"]
[Result "0-1"]
[WhiteElo "2220"]
[BlackElo "1801"]
[PlyCount "76"]

1.e4 c5 2.Ne2 e5 3.Nbc3 d6 4.Nd5 Nc6 5.Nec3 Nf6 6.Bc4 Nxd5 7.Nxd5 g6 8.d3 Bg7 
9.h4 h6 10.Be3 Be6 11.Qd2 Rb8 12.c3 b5 13.Bb3 a5 14.f4 a4 15.Bd1 Bxd5 16.exd5 
Ne7 17.Bf3 Nf5 18.Bf2 O-O 19.fxe5 dxe5 20.Bxc5 Re8 21.Bf2 Ne7 22.Ba7 Rc8 23.Be3 
Nxd5 24.Bxh6 Bxh6 25.Qxh6 Nf4 26.O-O Qxd3 27.Rad1 Qe3+ 28.Kh1 Nxg2 29.Qxe3 Nxe3 
30.Bd5 Nxf1 31.Rxf1 Re7 32.Rf6 Kg7 33.Rb6 Rc5 34.Bf3 e4 35.Be2 e3 36.Kg2 Rf5 
37.Kg3 Rf2 38.Bxb5 Rxb2 0-1

[Event "Turniej Niepodleglosci 2023"]
[Site "Warsaw POL"]
[Date "2023.11.11"]
[Round "8.13"]
[White "Kovalevsky, Stanislav"]
[Black "Zochowski, Kacper"]
[Result "1/2-1/2"]
[WhiteElo "2023"]
[BlackElo "2183"]
[PlyCount "286"]

1.e4 d6 2.c4 g6 3.Nc3 Bg7 4.g3 Nc6 5.Bg2 e5 6.Nge2 Nge7 7.d3 Bg4 8.h3 Be6 9.Nd5 
Qd7 10.Rb1 f5 11.O-O O-O 12.Kh2 Rf7 13.f4 Raf8 14.Be3 Nd4 15.Nxd4 exd4 16.Bg1 
Nc8 17.Qd2 c6 18.Nb4 Ne7 19.b3 Qc7 20.Nc2 c5 21.b4 fxe4 22.Bxe4 b6 23.Bg2 Bh6 
24.Rbe1 Bc8 25.Rf2 Bb7 26.Qe2 Bxg2 27.Kxg2 d5 28.Qe6 dxc4 29.Qxc4 Nf5 30.Re5 
Qc6+ 31.Kh2 Nd6 32.Qd5 Qxd5 33.Rxd5 Nb7 34.Re2 Bg7 35.bxc5 bxc5 36.Na3 Rd8 
37.Rxd8+ Nxd8 38.Re8+ Rf8 39.Re7 Nc6 40.Rc7 Nb4 41.Rxc5 Nxd3 42.Rd5 Nb4 43.Rd7 
Re8 44.Bxd4 Re2+ 45.Kh1 Bxd4 46.Rxd4 Nxa2 47.Nc4 Nc3 48.Ne5 Ne4 49.Rd8+ Kg7 
50.Rd7+ Kf6 51.Rxa7 Nxg3+ 52.Kg1 h5 53.Rf7+ Ke6 54.Rg7 Kf5 55.Rf7+ Ke4 56.Nxg6 
Nf5 57.Kf1 Ng3+ 58.Kg1 Nf5 59.Kf1 Rh2 60.h4 Kf3 61.Ne5+ Kxf4 62.Nd3+ Ke4 
63.Nc5+ Ke5 64.Nd7+ Kf4 65.Nf6 Kf3 66.Ke1 Rxh4 67.Nxh5 Rxh5 68.Kd2 Ke4 69.Kc3 
Rh6 70.Rf8 Rc6+ 71.Kd2 Nd4 72.Re8+ Ne6 73.Re7 Ra6 74.Kc3 Kd5 75.Re8 Nc7 76.Rd8+ 
Kc5 77.Rc8 Ra7 78.Kd3 Ra3+ 79.Ke4 Kd6 80.Rd8+ Ke6 81.Rh8 Ra4+ 82.Kd3 Kd5 
83.Rh5+ Kc6 84.Rh6+ Kc5 85.Rh8 Rd4+ 86.Ke3 Nd5+ 87.Kf3 Rf4+ 88.Kg3 Rf7 89.Ra8 
Kd4 90.Ra4+ Ke5 91.Ra5 Rg7+ 92.Kf3 Rf7+ 93.Kg3 Rf8 94.Rb5 Ke4 95.Ra5 Rg8+ 
96.Kf2 Nc3 97.Ra7 Rf8+ 98.Kg2 Ke3 99.Ra3 Rg8+ 100.Kh3 Kd4 101.Kh4 Ne4 102.Ra5 
Ke3 103.Rf5 Rg1 104.Rf8 Rg6 105.Kh5 Rg5+ 106.Kh6 Rg1 107.Rf7 Kd4 108.Rg7 Rh1+ 
109.Kg6 Ke5 110.Re7+ Kd5 111.Rh7 Rg1+ 112.Kf5 Rf1+ 113.Kg6 Ke6 114.Ra7 Rg1+ 
115.Kh5 Nc5 116.Kh4 Nd7 117.Kh3 Ne5 118.Ra3 Rg8 119.Rg3 Rh8+ 120.Kg2 Kf5 
121.Ra3 Rb8 122.Kf2 Rc8 123.Ra5 Ke4 124.Ra4+ Nc4 125.Kg3 Rg8+ 126.Kf2 Kd3 
127.Kf3 Rf8+ 128.Kg4 Ne3+ 129.Kg5 Nc4 130.Kg6 Kd4 131.Kg7 Rf1 132.Kg6 Kd5 
133.Kg5 Nd6 134.Ra5+ Ke6 135.Kg4 Rf8 136.Ra6 Rc8 137.Kf4 Rc4+ 138.Kf3 Rb4 
139.Ke3 Kd5 140.Ra5+ Nb5 141.Ra8 Rb3+ 142.Kf4 Rb1 143.Ke3 Nd6 1/2-1/2

[Event "Turniej Niepodleglosci 2023"]
[Site "Warsaw POL"]
[Date "2023.11.11"]
[Round "8.14"]
[White "Mis, Mieszko"]
[Black "Janeczko, Jakub"]
[Result "1-0"]
[WhiteElo "2321"]
[BlackElo "2013"]
[PlyCount "97"]

1.Nf3 g6 2.e4 Bg7 3.d4 c6 4.Bd3 d5 5.Nbd2 Bg4 6.h3 Bxf3 7.Nxf3 dxe4 8.Bxe4 Nf6 
9.Bd3 O-O 10.O-O Nbd7 11.c3 Re8 12.Re1 c5 13.Bc4 e6 14.Be3 Rc8 15.Bb5 a6 
16.Bxd7 Nxd7 17.dxc5 Nxc5 18.Qxd8 Rexd8 19.Rad1 Nd3 20.Re2 Ne5 21.Red2 Nxf3+ 
22.gxf3 Rxd2 23.Rxd2 h6 24.Rd7 b5 25.a3 Rc6 26.Kf1 h5 27.Ke2 Bf6 28.Kd3 Kg7 
29.Kc2 Rc4 30.f4 h4 31.Rd6 Ra4 32.Bc1 Re4 33.Be3 Ra4 34.Kd3 e5 35.fxe5 Bxe5 
36.Rc6 f6 37.f4 Bb8 38.Rb6 Bxf4 39.b3 Rxa3 40.Bxf4 g5 41.Be3 Rxb3 42.Bd4 Kg6 
43.Rxf6+ Kh5 44.Rf8 a5 45.Ke4 Rb1 46.Rh8+ Kg6 47.Rg8+ Kh5 48.Be3 Rb3 49.Rxg5+ 1-0

[Event "Turniej Niepodleglosci 2023"]
[Site "Warsaw POL"]
[Date "2023.11.11"]
[Round "8.15"]
[White "Chomczyk, Marek"]
[Black "Goraj, Barbara"]
[Result "0-1"]
[WhiteElo "2211"]
[BlackElo "2022"]
[PlyCount "154"]

1.c4 Nf6 2.g3 g6 3.Bg2 Bg7 4.Nc3 O-O 5.d4 d6 6.h3 Nbd7 7.Nf3 e5 8.e4 exd4 
9.Nxd4 Re8 10.O-O h6 11.Re1 c6 12.Bf4 Ne5 13.b3 Kh7 14.Be3 Ned7 15.f4 Qc7 
16.Kh2 a6 17.Rc1 Nc5 18.Bf2 Bd7 19.b4 Ne6 20.a4 a5 21.Nd5 Nxd5 22.cxd5 Nxd4 
23.Bxd4 Bxd4 24.Qxd4 axb4 25.e5 c5 26.e6 fxe6 27.Qf6 Bxa4 28.dxe6 Qg7 29.Qh4 
Bc6 30.Rc2 b3 31.Rf2 Ra2 32.Rxa2 bxa2 33.f5 a1=Q 34.fxg6+ Kg8 35.Rxa1 Qxa1 
36.Qf4 Qg7 37.Bxc6 Rf8 38.Qc4 bxc6 39.e7+ d5 40.exf8=Q+ Qxf8 41.Qe2 Qf6 42.h4 
Qxg6 43.h5 Qf7 44.Qg4+ Kh7 45.Kg2 c4 46.Qc8 Qf6 47.Qd7+ Kg8 48.Qc8+ Kf7 49.Qd7+ 
Kf8 50.Qc8+ Ke7 51.Qc7+ Ke6 52.Qxc6+ Ke5 53.Qc7+ Ke4 54.Qh7+ Ke3 55.Qg6 Qf3+ 
56.Kh2 c3 57.Qxh6+ Kd3 58.Qg6+ Kd2 59.Qg5+ Kd1 60.h6 c2 61.h7 c1=Q 62.Qxc1+ 
Kxc1 63.h8=Q Qf2+ 64.Kh3 d4 65.Qc8+ Kd2 66.g4 d3 67.g5 Ke1 68.Qc3+ d2 69.Kg4 
Kf1 70.Qa1+ Kg2 71.Qa8+ Kg1 72.Qa1+ Qe1 73.Qd4+ Qf2 74.Qa1+ Kg2 75.Qa8+ Kf1 
76.Qa1+ Ke2 77.Qe5+ Kd3 0-1

[Event "Turniej Niepodleglosci 2023"]
[Site "Warsaw POL"]
[Date "2023.11.11"]
[Round "8.16"]
[White "Barchuk, Irina"]
[Black "Mulawa, Cyprian"]
[Result "0-1"]
[WhiteElo "2034"]
[BlackElo "2170"]
[PlyCount "34"]

1.d4 d6 2.e4 g6 3.c4 Bg7 4.Nc3 Nf6 5.Be2 O-O 6.Nf3 e5 7.Be3 Bg4 8.dxe5 Bxf3 
9.exf6 Bxe2 10.Qxe2 Bxf6 11.Rd1 Bxc3+ 12.bxc3 Nd7 13.h4 Re8 14.h5 Rxe4 15.hxg6 
fxg6 16.Qf3 Qe7 17.Kf1 Rf8 0-1

[Event "Turniej Niepodleglosci 2023"]
[Site "Warsaw POL"]
[Date "2023.11.11"]
[Round "8.17"]
[White "Mickiewicz, Piotr"]
[Black "Jarocka, Liwia"]
[Result "0-1"]
[WhiteElo "2153"]
[BlackElo "1975"]
[PlyCount "108"]

1.Nf3 Nf6 2.g3 d5 3.c4 e6 4.Bg2 dxc4 5.Qa4+ Nbd7 6.O-O a6 7.Qxc4 b5 8.Qc2 Bb7 
9.b3 c5 10.Bb2 Be7 11.d3 O-O 12.a4 Nd5 13.Nc3 Nb4 14.Qb1 Qb6 15.Rd1 Rfd8 16.Ne4 
Bxe4 17.dxe4 Rac8 18.axb5 axb5 19.e5 h6 20.Qe4 c4 21.bxc4 bxc4 22.Bc3 Nc5 
23.Rxd8+ Qxd8 24.Qg4 Nb3 25.Ra7 Nd5 26.Nd4 Nxc3 27.Nxe6 Qd1+ 28.Bf1 Nxe2+ 
29.Qxe2 Qxe2 30.Bxe2 fxe6 31.Rxe7 c3 32.Bd3 Nd4 33.Kg2 c2 34.Bxc2 Rxc2 35.Rd7 
Nf5 36.g4 Ne3+ 37.Kg3 Nf1+ 38.Kg2 Ne3+ 39.Kg3 Nd5 40.h4 Rc3+ 41.f3 Re3 42.h5 
Rxe5 43.f4 Re3+ 44.Kf2 Re4 45.Kg3 Nxf4 46.Kf3 Ra4 47.Re7 Kf8 48.Rb7 Nd5 49.Kg3 
Ra3+ 50.Kh4 Ra4 51.Rb8+ Kf7 52.Rb7+ Kg8 53.Rb8+ Kh7 54.Kg3 Nf6 0-1

[Event "Turniej Niepodleglosci 2023"]
[Site "Warsaw POL"]
[Date "2023.11.11"]
[Round "8.18"]
[White "Zielonka, Adam"]
[Black "Rekuc, Patryk"]
[Result "1-0"]
[WhiteElo "1971"]
[BlackElo "2103"]
[PlyCount "109"]

1.e4 c5 2.Nf3 Nc6 3.d4 cxd4 4.Nxd4 e5 5.Nb5 d6 6.c4 Be6 7.Bd3 a6 8.N5c3 g6 
9.Nd5 Bxd5 10.cxd5 Nb8 11.O-O Bg7 12.a4 Nd7 13.a5 Ne7 14.Nc3 O-O 15.Be3 f5 
16.f3 Rc8 17.Qd2 Nc5 18.Bc2 fxe4 19.fxe4 Rxf1+ 20.Kxf1 Nd7 21.Kg1 Qc7 22.Bd1 
Nf6 23.Bf3 Qc4 24.Ra4 Qc7 25.Bb6 Qd7 26.Rb4 h5 27.Be3 Qc7 28.Bb6 Qd7 29.Qe2 Bh6 
30.Rc4 Rxc4 31.Qxc4 g5 32.Qc7 Qxc7 33.Bxc7 Ne8 34.Bd8 g4 35.Bxg4 hxg4 36.Bxe7 
Bc1 37.Na4 Bd2 38.Bd8 Kf7 39.Kf2 Nf6 40.Bxf6 Kxf6 41.Nc3 Bc1 42.b4 Bb2 43.Nb1 
Kg5 44.g3 Bd4+ 45.Kg2 Be3 46.h3 gxh3+ 47.Kxh3 Bc1 48.Kg2 Kg4 49.Kf2 Bb2 50.Kg2 
Bd4 51.Na3 Be3 52.Nc4 Bd4 53.Nxd6 Bc3 54.Nxb7 Bxb4 55.d6 1-0

[Event "Turniej Niepodleglosci 2023"]
[Site "Warsaw POL"]
[Date "2023.11.11"]
[Round "8.19"]
[White "Adamski, Jan"]
[Black "Zdybel, Przemyslaw"]
[Result "1-0"]
[WhiteElo "1955"]
[BlackElo "2088"]
[PlyCount "47"]

1.Nf3 Nf6 2.c4 g6 3.Nc3 Bg7 4.d4 d5 5.e3 O-O 6.b4 c6 7.Bb2 Ne4 8.Rc1 Bf5 9.Be2 
a5 10.b5 dxc4 11.Bxc4 cxb5 12.Nxb5 Nc6 13.O-O Qb6 14.a4 Rad8 15.Ba3 Nd6 16.Bc5 
Qxc5 17.dxc5 Nxc4 18.Qb3 Be6 19.Rxc4 Nb4 20.Rfc1 Rd3 21.Qb1 Rfd8 22.Nbd4 Bxc4 
23.Rxc4 e5 24.Rxb4 1-0

[Event "Turniej Niepodleglosci 2023"]
[Site "Warsaw POL"]
[Date "2023.11.11"]
[Round "8.20"]
[White "Hulka, Valentyn"]
[Black "Polak, Michal"]
[Result "1/2-1/2"]
[WhiteElo "2077"]
[BlackElo "1862"]
[PlyCount "148"]

1.Nc3 d5 2.e4 d4 3.Nce2 e5 4.Ng3 c5 5.Bc4 Nf6 6.Nf3 Bd6 7.O-O Nbd7 8.Nf5 Nb6 
9.Bb5+ Kf8 10.Nxd6 Qxd6 11.b3 a6 12.Bd3 g6 13.c3 Kg7 14.Qe2 Nh5 15.g3 Bh3 
16.Rd1 h6 17.Ba3 Qe6 18.Nh4 Nd7 19.Rac1 Rac8 20.Bc4 Qe7 21.Bd5 Ndf6 22.cxd4 
exd4 23.Qc4 Nxd5 24.Qxd5 Nf6 25.Qxd4 cxd4 26.Bxe7 Nxe4 27.Ba3 Rxc1 28.Rxc1 Nxd2 
29.Bb2 Rd8 30.Rd1 Ne4 31.Rxd4 Rxd4 32.Bxd4+ Kf8 33.f3 Ng5 34.g4 h5 35.Be3 Ne6 
36.Kf2 hxg4 37.Kg3 Ke7 38.fxg4 Bf1 39.Nf3 f6 40.h4 Bd3 41.a3 Bc2 42.b4 Nc7 
43.Nd4 Be4 44.Kf4 Bd3 45.Kf3 Nd5 46.Bd2 Nb6 47.h5 gxh5 48.gxh5 Nc4 49.Bc1 Kf7 
50.Kf4 Kg7 51.Ne6+ Kh6 52.Kg4+ Kh7 53.Nc5 Be2+ 54.Kh4 b6 55.Nd7 Kg7 56.h6+ Kh7 
57.Nxf6+ Kg6 58.Nd5 a5 59.Nf4+ Kxh6 60.Nxe2+ Kg6 61.bxa5 bxa5 62.Kg4 Kf6 63.Kf4 
Ke6 64.Ke4 Kd6 65.Kd4 Nb6 66.Nc3 Kc6 67.Bf4 Nc8 68.Bg5 Nd6 69.Bd8 Nb5+ 70.Nxb5 
Kxb5 71.Kd5 Ka6 72.Kc6 Ka7 73.Bb6+ Ka8 74.Bc5 a4 1/2-1/2

[Event "Turniej Niepodleglosci 2023"]
[Site "Warsaw POL"]
[Date "2023.11.11"]
[Round "9.1"]
[White "Krasenkow, Michal"]
[Black "Golubka, Petro"]
[Result "1-0"]
[WhiteElo "2435"]
[BlackElo "2390"]
[PlyCount "133"]

1.d4 d5 2.c4 e6 3.Nc3 Nf6 4.cxd5 exd5 5.Bg5 c6 6.e3 Be7 7.Bd3 Nbd7 8.Nge2 Nh5 
9.Bxe7 Qxe7 10.Rb1 a5 11.a3 g6 12.b4 axb4 13.axb4 O-O 14.b5 Ndf6 15.bxc6 bxc6 
16.O-O Ba6 17.Bxa6 Rxa6 18.Nc1 Ng7 19.Nd3 Ra3 20.Qc1 Rfa8 21.Nb4 Qd6 22.Ne2 Ng4 
23.Ng3 Nf5 24.Qxc6 Qxc6 25.Nxc6 Nxg3 26.hxg3 Kg7 27.Nb4 R8a5 28.Rb2 h5 29.Rfb1 
Rc3 30.Kf1 Nf6 31.Rb3 Rxb3 32.Rxb3 Ne4 33.Rb2 g5 34.Ke2 f6 35.Rc2 Rb5 36.Nd3 
Ra5 37.Nc5 Nd6 38.f3 Nf5 39.g4 hxg4 40.fxg4 Nd6 41.Nb7 Nxb7 42.Rc7+ Kg6 43.Rxb7 
Ra2+ 44.Kf3 Ra5 45.Rc7 Ra6 46.Rc5 Rd6 47.e4 dxe4+ 48.Kxe4 Re6+ 49.Kd3 Re1 
50.Rc2 Kf7 51.Re2 Rf1 52.d5 Rd1+ 53.Kc4 Rc1+ 54.Kb5 Rb1+ 55.Kc6 Rc1+ 56.Kd7 Rc4 
57.d6 Rxg4 58.Re7+ Kg6 59.Re2 Ra4 60.Ke7 f5 61.d7 Ra8 62.d8=Q Rxd8 63.Kxd8 f4 
64.Ke7 Kf5 65.Kd6 g4 66.Re5+ Kf6 67.Kd5 1-0

[Event "Turniej Niepodleglosci 2023"]
[Site "Warsaw POL"]
[Date "2023.11.11"]
[Round "9.2"]
[White "Piorun, Kacper"]
[Black "Jakubowski, Krzysztof"]
[Result "1-0"]
[WhiteElo "2502"]
[BlackElo "2367"]
[PlyCount "37"]

1.d4 Nf6 2.Nf3 b6 3.e3 Bb7 4.Bd3 e6 5.O-O d5 6.b3 Bd6 7.Bb2 O-O 8.Qe2 c5 9.Nbd2 
Ne4 10.Rfd1 Qe7 11.Nf1 Nd7 12.Ne5 cxd4 13.Nxd7 Qxd7 14.Bxe4 dxe4 15.Rxd4 Qe7 
16.Rad1 Rfd8 17.Qd2 Bc7 18.Ng3 Bc6 19.Qc3 1-0

[Event "Turniej Niepodleglosci 2023"]
[Site "Warsaw POL"]
[Date "2023.11.11"]
[Round "9.3"]
[White "Eggink, Ryszard"]
[Black "Kanarek, Marcel"]
[Result "1/2-1/2"]
[WhiteElo "2283"]
[BlackElo "2396"]
[PlyCount "68"]

1.d4 Nf6 2.c4 g6 3.Nc3 Bg7 4.g3 d5 5.Bg2 dxc4 6.Qa4+ c6 7.Qxc4 O-O 8.Nf3 Bf5 
9.O-O Na6 10.Ne5 Qa5 11.e4 Be6 12.Qe2 Nd7 13.Nxd7 Bxd7 14.Be3 Nc7 15.Rad1 Qa6 
16.Qc2 Nb5 17.Rfe1 Nxc3 18.bxc3 Be6 19.d5 cxd5 20.exd5 Bg4 21.Rc1 e6 22.c4 Rac8 
23.Qb3 exd5 24.cxd5 Bd7 25.Bf1 b5 26.Rc5 Qd6 27.Rxc8 Rxc8 28.Bxb5 Rc3 29.Qa4 
Ra3 30.Qc4 Rc3 31.Qa4 Ra3 32.Qc4 Rc3 33.Qa4 Ra3 34.Qc4 Rc3 1/2-1/2

[Event "Turniej Niepodleglosci 2023"]
[Site "Warsaw POL"]
[Date "2023.11.11"]
[Round "9.4"]
[White "Szustakowski, Antoni"]
[Black "Baum, Jonasz"]
[Result "0-1"]
[WhiteElo "2256"]
[BlackElo "2323"]
[PlyCount "70"]

1.d4 Nf6 2.c4 e6 3.Nf3 d5 4.e3 Be7 5.b3 O-O 6.Bd3 dxc4 7.bxc4 c5 8.O-O Nc6 
9.Bb2 cxd4 10.exd4 b6 11.Nbd2 Bb7 12.Qe2 Rc8 13.Rac1 Re8 14.Rfd1 Qc7 15.Ne4 Nb4 
16.Nxf6+ Bxf6 17.Bb1 Rcd8 18.a3 Bxf3 19.Qxf3 Nc6 20.Qe4 g6 21.h4 Qd6 22.c5 bxc5 
23.dxc5 Qxd1+ 24.Rxd1 Rxd1+ 25.Kh2 Bxb2 26.Qxc6 Be5+ 27.f4 Bxf4+ 28.g3 Rb8 
29.gxf4 Rbxb1 30.h5 Rh1+ 31.Kg3 Rxh5 32.Qe8+ Kg7 33.c6 Rb3+ 34.Kf2 Rh2+ 35.Kg1 
Rc2 0-1

[Event "Turniej Niepodleglosci 2023"]
[Site "Warsaw POL"]
[Date "2023.11.11"]
[Round "9.5"]
[White "Pacan-milej, Kosma"]
[Black "Heberla, Bartlomiej"]
[Result "0-1"]
[WhiteElo "2232"]
[BlackElo "2481"]
[PlyCount "124"]

1.d4 Nf6 2.c4 e6 3.Nc3 d5 4.cxd5 exd5 5.Bg5 c6 6.e3 h6 7.Bh4 Be7 8.Bd3 O-O 
9.Qc2 Re8 10.Nge2 Nbd7 11.O-O Nh5 12.Bxe7 Qxe7 13.Rae1 Nf8 14.Nc1 Bd7 15.f3 
Rad8 16.Qf2 Bc8 17.Nb3 b6 18.Kh1 Bb7 19.e4 Nf4 20.Bc2 Ba6 21.Rg1 Qg5 22.e5 N8e6 
23.Qe3 c5 24.g3 cxd4 25.gxf4 dxe3 26.fxg5 hxg5 27.Bf5 d4 28.Ne4 Bb7 29.Rg3 d3 
30.Rxe3 Bxe4 31.Rxe4 d2 32.Nxd2 Rxd2 33.Bxe6 Rxe6 34.Rxg5 Rxb2 35.Rg2 Rb1+ 
36.Rg1 Rxg1+ 37.Kxg1 Rc6 38.a4 Kf8 39.Kf2 Ke7 40.Ke3 Ke6 41.f4 Rc3+ 42.Kf2 Kd5 
43.Re2 Ra3 44.f5 Rxa4 45.Kg3 Rc4 46.e6 fxe6 47.fxe6 Rc8 48.Kf4 Rf8+ 49.Kg5 Kd6 
50.Kg6 Rf6+ 51.Kxg7 Rxe6 52.Rd2+ Kc5 53.h4 b5 54.h5 b4 55.Rd7 a5 56.Rc7+ Kb6 
57.Rc8 a4 58.Rb8+ Kc5 59.Rc8+ Kb5 60.Rb8+ Kc4 61.Rc8+ Kb3 62.Rf8 a3 0-1